000 00959nam a2200253 a 4500
001 000013433
003 OSt
005 20240229073935.0
008 091124s1941 dr r 000 s spa d
040 _aDO-SdBNP
_bspa
_cBNPHU
082 4 _a972.93053
_bS211e
_222
100 1 _aSánchez, Juan José
_930217
245 1 0 _aEcos tribunicios /
_cJuan José Sánchez
260 _aSantiago, República Dominicana :
_bDiario,
_c1941.
300 _a104 p. ;
_c21 cm.
590 _aInventariado, 2018/LP
600 1 0 _aTrujillo Molina, Rafael Leónidas,
_d 1891-1961
_976764
650 4 _aDiscursos dominicanos
_930689
651 4 _aRepública Dominicana
_v Ensayos, conferencias, etc.- Discursos
_xHistoria
_yEra de Trujillo 1930-1961
_977230
651 4 _aRepública Dominicana
_xPolítica y gobierno
_xHistoria
_yEra de Trujillo, 1930-1961
_913076
700 1 _aJiménez, R. Emilio,
_eintrod.
_923963
910 _aValidado. Control de calidad MFF
942 _2ddc
_cLBS1
999 _c13059
_d13059